<?xml version="1.0" encoding="UTF-8"?>
<marc:record xmlns:marc="http://www.loc.gov/MARC21/slim">
   <marc:leader>00000nam a2200000 a 4500</marc:leader>
   <marc:datafield ind1="1" ind2=" " tag="100">
      <marc:subfield code="a">Gras, Cédric</marc:subfield>
      <marc:subfield code="4">aut</marc:subfield>
      <marc:subfield code="e">Verfasser/-in</marc:subfield>
   </marc:datafield>
   <marc:datafield ind1=" " ind2=" " tag="653">
      <marc:subfield code="a">Abenteuer</marc:subfield>
   </marc:datafield>
   <marc:datafield ind1=" " ind2=" " tag="653">
      <marc:subfield code="a">Klettern</marc:subfield>
   </marc:datafield>
   <marc:datafield ind1=" " ind2=" " tag="653">
      <marc:subfield code="a">Bergsteigen</marc:subfield>
   </marc:datafield>
   <marc:datafield ind1=" " ind2=" " tag="653">
      <marc:subfield code="a">Russland</marc:subfield>
   </marc:datafield>
   <marc:datafield ind1=" " ind2=" " tag="653">
      <marc:subfield code="a">Pamir</marc:subfield>
   </marc:datafield>
   <marc:datafield ind1=" " ind2=" " tag="653">
      <marc:subfield code="a">Alpinismus</marc:subfield>
   </marc:datafield>
   <marc:datafield ind1=" " ind2=" " tag="653">
      <marc:subfield code="a">Kaukasus</marc:subfield>
   </marc:datafield>
   <marc:datafield ind1=" " ind2=" " tag="653">
      <marc:subfield code="a">UdSSR</marc:subfield>
   </marc:datafield>
   <marc:datafield ind1=" " ind2=" " tag="653">
      <marc:subfield code="a">BIOGRAFIE</marc:subfield>
   </marc:datafield>
   <marc:datafield ind1=" " ind2=" " tag="653">
      <marc:subfield code="a">bergsport</marc:subfield>
   </marc:datafield>
   <marc:datafield ind1=" " ind2=" " tag="653">
      <marc:subfield code="a">Expeditionen</marc:subfield>
   </marc:datafield>
   <marc:datafield ind1=" " ind2=" " tag="653">
      <marc:subfield code="a">Jewgeni Abalakow</marc:subfield>
   </marc:datafield>
   <marc:datafield ind1=" " ind2=" " tag="653">
      <marc:subfield code="a">Witali Abalakow</marc:subfield>
   </marc:datafield>
   <marc:datafield ind1=" " ind2=" " tag="653">
      <marc:subfield code="a">Stalin</marc:subfield>
   </marc:datafield>
   <marc:datafield ind1=" " ind2=" " tag="653">
      <marc:subfield code="a">Lorenz Saladin</marc:subfield>
   </marc:datafield>
   <marc:datafield ind1=" " ind2=" " tag="653">
      <marc:subfield code="a">Tian Shan</marc:subfield>
   </marc:datafield>
   <marc:datafield ind1=" " ind2=" " tag="653">
      <marc:subfield code="a">Khan Tengri</marc:subfield>
   </marc:datafield>
   <marc:datafield ind1=" " ind2=" " tag="653">
      <marc:subfield code="a">Pik Stalin</marc:subfield>
   </marc:datafield>
   <marc:datafield ind1=" " ind2=" " tag="653">
      <marc:subfield code="a">Pik Lenin</marc:subfield>
   </marc:datafield>
   <marc:datafield ind1=" " ind2=" " tag="653">
      <marc:subfield code="a">Sowjetunion</marc:subfield>
   </marc:datafield>
   <marc:datafield ind1=" " ind2=" " tag="653">
      <marc:subfield code="a">historische Biographie</marc:subfield>
   </marc:datafield>
   <marc:datafield ind1=" " ind2=" " tag="653">
      <marc:subfield code="a">Reportage</marc:subfield>
   </marc:datafield>
   <marc:datafield ind1=" " ind2=" " tag="653">
      <marc:subfield code="a">Softcover / Reisen/Reiseberichte</marc:subfield>
   </marc:datafield>
   <marc:datafield ind1=" " ind2=" " tag="653">
      <marc:subfield code="a">Reiseerzählungen/Asien</marc:subfield>
   </marc:datafield>
   <marc:datafield ind1="0" ind2="0" tag="245">
      <marc:subfield code="a">Stalins Alpinisten</marc:subfield>
   </marc:datafield>
   <marc:datafield ind1="0" ind2="0" tag="245">
      <marc:subfield code="b">Der Fall Abalakow. Aus dem Französischen von Manon Hopf</marc:subfield>
   </marc:datafield>
   <marc:datafield ind1=" " ind2="1" tag="264">
      <marc:subfield code="a">Innsbruck</marc:subfield>
      <marc:subfield code="b">Tyrolia</marc:subfield>
      <marc:subfield code="c">2021</marc:subfield>
   </marc:datafield>
   <marc:datafield ind1="1" ind2=" " tag="520">
      <marc:subfield code="a">Angaben aus der Verlagsmeldung&lt;br/&gt;&lt;br/&gt;Stalins Alpinisten : Der Fall Abalakow. Aus dem Französischen von Manon Hopf / von Cédric Gras&lt;br/&gt;&lt;br/&gt;Die preisgekrönte Reportage über das tragische Schicksal der russischen Bergsteiger Witali und Jewgeni Abalakow&lt;br/&gt;&lt;br/&gt;Wie kam es, dass Stalin die gefeierten Alpinisten, die in seinem Namen den Marxismus bis auf die höchsten Gipfel tragen sollten, verhaften und verschwinden ließ? Seit der preisgekrönte französische Journalist Cédric Gras vom Los der Brüder Abalakow erfahren hatte, ließ ihn diese Frage nicht mehr los. Er beschloss, den Spuren ihres Lebens nachzugehen.&lt;br/&gt;&lt;br/&gt;Witali und Jewgeni Abalakow unternehmen zahlreiche Expeditionen im Kaukasus sowie im zentralasiatischen Pamir und Tian Shan. Dort besteigen sie in den 1930er Jahren im Namen des Systems die Siebentausender Pik Stalin und Pik Lenin sowie den Khan Tengri  und werden als Helden bejubelt. Bald wendet sich das Blatt: 1938 wird Witali Abalakow Opfer des Großen Terrors und der Säuberungen. Er überlebt und kehrt in die Berge zurück. Sein Bruder Jewgeni wird 1948 tot aufgefunden.&lt;br/&gt;&lt;br/&gt;Cédric Gras hat sowohl in den Archiven des KGB als auch in Sibirien sowie in den Bergen Zentralasiens recherchiert, um das Leben der Brüder Witali und Jewgeni Abalakow zu rekonstruieren, die  erst unzertrennlich, dann zerstritten  gemeinsam das Rote Zeitalter erlebten und davon träumten, den höchsten Gipfel der Welt im Namen der UdSSR zu bezwingen. Entstanden ist so eine packende Reportage, in welcher der Erzähler die Leserinnen und Leser ganz unmittelbar an seinen Recherchen und Entdeckungen teilhaben lässt.&lt;br/&gt;&lt;br/&gt;Tipps:&lt;br/&gt;Die deutsche Lizenzausgabe des französischen Bestsellers&lt;br/&gt;Ausgezeichnet mit dem renommierten Prix Albert Londres 2020&lt;br/&gt;15.000 verkaufte Exemplare der französischen Originalausgabe</marc:subfield>
   </marc:datafield>
   <marc:datafield ind1=" " ind2=" " tag="020">
      <marc:subfield code="a">9783702239725</marc:subfield>
      <marc:subfield code="9">9783702239725</marc:subfield>
   </marc:datafield>
   <marc:datafield ind1=" " ind2=" " tag="041">
      <marc:subfield code="a">ger</marc:subfield>
   </marc:datafield>
   <marc:datafield ind1="1" ind2=" " tag="521">
      <marc:subfield code="a">0</marc:subfield>
   </marc:datafield>
   <marc:datafield ind1=" " ind2=" " tag="300">
      <marc:subfield code="a">224 Seiten</marc:subfield>
   </marc:datafield>
</marc:record>
